Listy časové i nadčasové kultúrno-spoločenský mesačník

Bibliographic Details
New Title:Listy
Previous Title:Bratislavské listy
Other Authors: Lesňák, Rudolf, 1928-2006 (Publishing director)
Format: Journal
Language:Slovak
PhysicalDescription:8 zv. 35 cm
Published: Bratislava Interslovakia 1994-6/2001
Bratislava USPO Peter Smolík
Bratislava Vydavateľské družsvo SURSUM
ISSN:1336-3247
Subjects:

MARC

LEADER 00000cas a2200000 a 4500
001 vtls008880869
003 SK-MaSNL
005 20260228161435.0
008 150225d19942001xo br p 0 0 b0slo c
035 |a (SVKBB03)vtls000047662 
040 |a SVKBB  |b slo  |c SVKBB  |d SNK  |e AACR2 
041 0 |a slo 
044 |a xo  |c SK 
072 7 |a 316.7  |x Sociológia kultúry. Kultúrny život  |2 konspekt 
072 7 |a 316.3  |x Globálne spoločnosti. Sociálna štruktúra. Sociálne skupiny  |2 konspekt 
080 |a 050  |2 2001 
080 |a 316.7  |2 2001 
080 |a 316.3  |2 2001 
245 0 0 |a Listy časové i nadčasové  |b kultúrno-spoločenský mesačník 
260 |a Bratislava  |b Interslovakia  |c 1994-6/2001 
260 2 |3 5/1995-6/1995  |a Bratislava  |b USPO Peter Smolík 
260 3 |3 1/1996-6/2001  |a Bratislava  |b Vydavateľské družsvo SURSUM 
300 |a 8 zv.  |c 35 cm 
310 |a 6x ročne  |b 1996-2001 
321 |a 1x mesačne  |b 1994-1995 
362 0 |a Roč. 7, č. 1 (jan. 1994)-roč. 14, č. 6 (2001) 
500 |a Šéfred. 1994-1995 Rudolf Lesňák; hl. red. sa často menia 
500 |a Od r. 1996 zmena podnázvu : kultúrno-spoločenský dvojmesačník 
580 |a Do r. 1993 vychádzal ako Bratislavské listy 
580 |a Od r. 2002 vych. pod názvom Listy 
650 0 7 |a kultúra  |2 SNKPH  |9 886 
650 0 7 |a spoločnosť  |2 SNKPH  |9 1013 
655 7 |a spoločenské časopisy  |2 SNKPH  |9 70515 
700 1 |a Lesňák, Rudolf,  |d 1928-2006  |4 pbd  |9 199033 
780 0 0 |t Bratislavské listy  |w vtls009165302 
785 0 0 |t Listy  |x 1336-3247  |w vtls001486292 
910 |a snk 
916 |a 1994-2001 
999 |c 5355  |d 7285 
952 |0 0  |1 0  |4 0  |7 0  |a SNK  |b SNK  |d 1999-10-26  |l 0  |o snkČSB 4001/7/1994 D1  |p 17A0215905  |r 2005-01-02 00:00:00  |t č. 1-12  |w 2026-02-21  |y PREZ 
952 |0 0  |1 0  |4 0  |7 0  |a SNK  |b SNK  |d 2000-10-12  |f 1  |i snkČSP 293/99  |l 0  |o snkČSB 4001/7/1994  |p 17A0254983  |r 2005-01-02 00:00:00  |t č. 1-12  |w 2026-02-21  |y PREZ 
952 |0 0  |1 0  |4 0  |7 0  |8 0  |a SNK  |b SNK  |d 2004-06-02  |f 1  |i snkČSP 297/99  |l 0  |o snkČSB 4001/9/1996  |p 17A0430468  |r 2005-01-02 00:00:00  |t č. 1-6  |w 2026-02-21  |y PREZ 
952 |0 0  |1 0  |4 0  |7 0  |a SNK  |b SNK  |d 2006-04-19  |f 1  |i snkČSP 295/99  |l 0  |o snkČSB 4001/8/1995  |p 17A0504157  |r 2026-02-21 19:52:03  |t č. 1-6  |w 2026-02-21  |y PREZ 
952 |0 0  |1 0  |4 0  |7 0  |a SNK  |b SNK  |d 1999-11-05  |l 0  |o snkČSB 4001/9/1996 D1  |p 17A0217402  |r 2005-01-02 00:00:00  |t č. 1-6  |w 2026-02-21  |y PREZ 
952 |0 0  |1 0  |4 0  |7 0  |a SNK  |b SNK  |d 2007-12-03  |f 1  |i snkČSP 4066/1999  |l 0  |o snkČSB 4001/10/1997  |p 17A0568850  |r 2026-02-21 20:21:13  |t č. 1-6  |w 2026-02-21  |y PREZ 
952 |0 0  |1 0  |4 0  |7 0  |8 0  |a SNK  |b SNK  |d 2007-09-19  |f 1  |i snk2007/20803  |l 0  |o snkČSB 4001/14/2001  |p 17A0556628  |r 2026-02-21 20:21:50  |t č. 1-6  |w 2026-02-21  |y PREZ 
952 |0 0  |1 0  |4 0  |7 0  |a SNK  |b SNK  |d 2000-08-08  |f 1  |i snkČSP 4064/99  |l 0  |o snkČSB 4001/11/1998  |p 17A0248875  |r 2005-01-02 00:00:00  |t č. 1-6  |w 2026-02-21  |y PREZ 
952 |0 0  |1 0  |4 0  |7 0  |a SNK  |b SNK  |d 2002-10-22  |l 0  |o snkČSB 4001/10/1997 D1  |p 17A0360476  |r 2005-01-02 00:00:00  |t č. 1-6  |w 2026-02-21  |y PREZ 
952 |0 0  |1 0  |3 rekatalogizácia  |4 0  |7 0  |a SNK  |b SNK  |d 2007-04-11  |i snkČSP 296/99  |l 0  |o snkČSB 4001/8/1995 D1  |p 17A0542386  |r 2026-02-21 20:38:35  |t č. 1-6  |w 2026-02-21  |y PREZ 
952 |0 0  |1 0  |4 0  |7 0  |a SNK  |b SNK  |d 2005-03-14  |i snkČSP 4065/99  |l 0  |o snkČSB 4001/11/1998 D1  |p 17A0462797  |r 2026-02-21 21:10:46  |t č. 1-6  |w 2026-02-21  |y PREZ 
952 |0 0  |1 0  |4 0  |7 0  |8 0  |a SNK  |b SNK  |d 2007-09-19  |f 1  |i snk2007/20797  |l 0  |o snkČSB 4001/12/1999  |p 17A0556624  |r 2026-02-21 21:11:52  |t č. 1-6  |w 2026-02-21  |y PREZ 
952 |0 0  |1 0  |4 0  |7 0  |8 0  |a SNK  |b SNK  |d 2007-09-19  |i snk2007/20800  |l 0  |o snkČSB 4001/12/1999 D1  |p 17A0556625  |r 2026-02-21 21:11:52  |t č. 1-6  |w 2026-02-21  |y PREZ 
952 |0 0  |1 0  |4 0  |7 0  |8 0  |a SNK  |b SNK  |d 2007-09-19  |f 1  |i snk2007/20801  |l 0  |o snkČSB 4001/13/2000  |p 17A0556626  |r 2026-02-21 21:11:52  |t č. 1-6  |w 2026-02-21  |y PREZ 
952 |0 0  |1 0  |4 0  |7 0  |8 0  |a SNK  |b SNK  |d 2007-09-19  |i snk2007/20802  |l 0  |o snkČSB 4001/13/2000 D1  |p 17A0556627  |r 2026-02-21 21:11:52  |t č. 1-6  |w 2026-02-21  |y PREZ 
952 |0 0  |1 0  |4 0  |7 0  |8 0  |a SNK  |b SNK  |d 2007-09-19  |i snk2007/20804  |l 0  |o snkČSB 4001/14/2001 D1  |p 17A0556629  |r 2026-02-21 21:11:52  |t č. 1-6  |w 2026-02-21  |y PREZ